| 000 | 00892cam a2200301 a 4500 | ||
|---|---|---|---|
| 001 | 59322 | ||
| 003 | CO-BoRNBP | ||
| 005 | 20251003204713.0 | ||
| 007 | ta | ||
| 008 | 980202r19931992ck r 00010 spa d | ||
| 020 | _a9580207453 | ||
| 040 |
_ala _cla |
||
| 041 | 1 |
_aspa _heng |
|
| 082 | 0 | 4 |
_a390 _bT85c1 _219 ed. |
| 100 | 1 |
_aTuleja, Tad. _965239 |
|
| 245 | 1 | 0 |
_aCostumbres curiosas : _bel origen y significado de nuestros ritos y costumbres cotidianos / _cTad Tuleja ; traducción Miriam Prieto. |
| 250 | _a1a. edición | ||
| 300 |
_a228 p. ; _c22 cm. |
||
| 336 |
_2rdacontent _atexto _btxt |
||
| 337 |
_2rdamedia _asin mediación _bn |
||
| 338 |
_2rdacarrier _avolumen _bnc |
||
| 504 | _aIncluye bibliografía. | ||
| 534 | _tCurious Customs. | ||
| 650 | 7 |
_aUsos y costumbres. _2BLAAUTO _92642 |
|
| 700 | 1 |
_aPrieto, Miriam, _etr. _965240 |
|
| 942 |
_2ddc _cBK |
||
| 949 |
_an _bn |
||
| 999 |
_c59322 _d59322 |
||